Systems of Nonlinear Partial Differential Equations : Applications to Biology and Engineering /

Bibliographic Details
Main Author: Leung, Anthony W.
Corporate Author: SpringerLink (Online service)
Format: eBook
Language:English
Published: Dordrecht : Springer Netherlands, 1989.
Series:Mathematics and its applications ; 49.
Subjects:
Online Access:Connect to the full text of this electronic book

MARC

Tag First Indicator Second Indicator Subfields
LEADER 00000cam a2200000Mi 4500
001 in00003559430
006 m o d
007 cr mnu---uuaaa
008 130219s1989 ne o 000 0 eng
005 20260422225755.8
020 |a 9789401539371 (electronic bk.) 
020 |a 9401539375 (electronic bk.) 
020 |z 9789401539395 
020 |z 9401539391 
020 |z 9401539375 
035 |a (OCoLC)851381742 
040 |a AU@  |b eng  |e pn  |c AU@  |d GW5XE  |d OCLCQ  |d OCLCF  |d UtOrBLW 
049 |a TXAM 
050 4 |a QA370-380 
072 7 |a PBKJ  |2 bicssc 
072 7 |a MAT007000  |2 bisacsh 
082 0 4 |a 515.353  |2 23 
100 1 |a Leung, Anthony W. 
245 1 0 |a Systems of Nonlinear Partial Differential Equations :  |b Applications to Biology and Engineering /  |c by Anthony W. Leung. 
264 1 |a Dordrecht :  |b Springer Netherlands,  |c 1989. 
300 |a 1 online resource (xiii, 409 pages) 
336 |a text  |b txt  |2 rdacontent 
337 |a computer  |b c  |2 rdamedia 
338 |a online resource  |b cr  |2 rdacarrier 
490 1 |a Mathematics and its applications ;  |v 49 
500 |a Electronic resource. 
650 0 |a Mathematics. 
650 0 |a Ecology. 
650 0 |a Differential equations, Partial. 
650 0 |a Computer science  |x Mathematics. 
650 0 |a Nuclear engineering. 
650 7 |a Computer science  |x Mathematics.  |2 fast  |0 (OCoLC)fst00872460 
650 7 |a Differential equations, Partial.  |2 fast  |0 (OCoLC)fst00893484 
650 7 |a Ecology.  |2 fast  |0 (OCoLC)fst00901476 
650 7 |a Mathematics.  |2 fast  |0 (OCoLC)fst01012163 
650 7 |a Nuclear engineering.  |2 fast  |0 (OCoLC)fst01040032 
655 7 |a Electronic books.  |2 local 
710 2 |a SpringerLink (Online service) 
776 1 8 |i Print version:  |z 9789401539395 
830 0 |a Mathematics and its applications ;  |v 49. 
856 4 0 |u http://proxy.library.tamu.edu/login?url=https://link.springer.com/10.1007/978-94-015-3937-1  |z Connect to the full text of this electronic book  |t 0 
994 |a 92  |b TXA 
999 |a MARS 
999 f f |s 79c4134f-e0bc-3583-8e35-6fdeb86ebe18  |i d8d88fce-76e5-3f08-8ba5-d2cf08a0d827  |t 0 
952 f f |a Texas A&M University  |b College Station  |c Electronic Resources  |s www_evans  |d Available Online  |t 0  |e QA370-380  |h Library of Congress classification 
998 f f |a QA370-380  |t 0  |l Available Online